| 000 | 01503cab a2200289 4500 | ||
|---|---|---|---|
| 001 | L131044 | ||
| 008 | 050923n2005 000 0 eng u | ||
| 035 | _a(Sirsi) u131044 | ||
| 041 | 0 | _aeng | |
| 100 | 1 | _aColby, Allyson | |
| 245 | _aIs a right wrong? | ||
| 260 | _c2005 | ||
| 490 |
_aEstates Gazette _v(0537) 17 September 2005, 139-140(2) |
||
| 520 | _aExamines the human rights implications of recent developments affecting easements permitting access to and from land. Statutory easements that are legitimately viewed as the preserve of public bodies and similar entities are becoming more widely available to private landowners. Sees the Access to Neighbouring Land Act 1992 and the Countryside and Rights of Way Act 2000 as sources for potential new easements. Discusses the controversy over vehicular rights of way across common land and village greens. Considers how the Human Rights Act 1988 relates to these developments, in particular the law of adverse possession. | ||
| 590 | _aIKA270905 | ||
| 650 | _aBAKEWELL MANAGEMENT LTD V BRANDWOOD AND OTHERS | ||
| 650 | _aCOUNTRYSIDE AND RIGHTS OF WAY ACT 2000 | ||
| 650 | _aPRESCRIPTION ACT 1832 | ||
| 650 | _aACCESS TO NEIGHBOURING LAND ACT 1992 | ||
| 650 | _aBEAULANE PROPERTIES LTD V PALMER | ||
| 650 | _aHUMAN RIGHTS ACT 1998 | ||
| 650 | _aVEHICULAR ACCESS ACROSS COMMON AND OTHER LAND (ENGLAND) REGULATIONS 2002 | ||
| 650 | _aSWEET V SOMMER | ||
| 650 | _aPYE V GRAHAM | ||
| 690 |
_aBoundary disputes _96221 |
||
| 942 | _n0 | ||
| 999 |
_c75917 _d75917 |
||